000 00910nam a2200229Ia 4500
003 Ost
005 20260507074943.0
008 260507s9999||||xx |||||||||||||| ||und||
020 _a9789953486444
040 _cfsecg
041 _aara
082 _a330
100 _aناشد، سوزي عدلي
_eمؤلف
245 0 _aالاقتصاد السياسي النظريات الاقتصادية /
_c سوزي عدلي ناشد
260 _aبيروت:
_bمنشورات الحلبي,
_c2008
300 _a339 صفحة؛
_c24 سم
520 _aيتناول هذا الكتاب السوق،الطلب،العرض ثمن التوازن،نظرية الانتاج،الوحدة الإنتاجية،نظرية التوزيع،أتمان خدمات عناصر الإنتاج،...
653 _aاقتصاد سياسي
653 _aانتاج
653 _aنظريات اقتصادية
942 _cكتاب
999 _c41946
_d41946